Lễ hội và ứng xử của người làm công tác quản lý lễ hội hiện nay /
Đã lưu trong:
| 主要作者: | |
|---|---|
| 格式: | Bài viết |
| 语言: | Vietnamese |
| 主题: | |
| 标签: |
添加标签
没有标签, 成为第一个标记此记录!
|
| Thư viện lưu trữ: | Thư viện Trường Đại học Đà Lạt |
|---|
| LEADER | 00799nam a2200277 4500 | ||
|---|---|---|---|
| 001 | DLU050049417 | ||
| 040 | # | # | |a DLU |b vie |
| 041 | # | # | |a vie |
| 044 | # | # | |a vn |
| 100 | # | # | |a Phạm Quang Nghị |
| 245 | # | # | |a Lễ hội và ứng xử của người làm công tác quản lý lễ hội hiện nay / |c Phạm Quang Nghị |
| 653 | # | # | |a Lễ hội |
| 653 | # | # | |a Tín ngưỡng văn hoá |
| 653 | # | # | |a Văn hoá dân tộc |
| 773 | # | # | |t Văn hoá nghệ thuật |g Số 11, 2002, tr.3-7 |
| 920 | # | # | |a Phòng Tạp chí -- Trung tâm Thông tin - Thư viện Trường Đại học Đà Lạt |
| 933 | # | # | |a NV |
| 994 | # | # | |a DLU |
| 900 | # | # | |a True |
| 911 | # | # | |a Nguyễn Thị Yên |
| 925 | # | # | |a G |
| 926 | # | # | |a A |
| 927 | # | # | |a BB |
| 980 | # | # | |a Thư viện Trường Đại học Đà Lạt |